Catálogo - Centro de Recursos para el Aprendizaje y la Investigación

Volver al Sitio - CRAI Biblioteca

Manual de derecho constitucional dominicano : (Registro nro. 114167)

Detalles MARC
000 -CABECERA
campo de control de longitud fija 03647nam a2200325 4500
001 - NÚMERO DE CONTROL
campo de control 114167
003 - IDENTIFICADOR DEL NÚMERO DE CONTROL
campo de control DR-UNIBE
005 - FECHA Y HORA DE LA ÚLTIMA TRANSACCIÓN
campo de control 20251027112041.0
008 - DATOS DE LONGITUD FIJA--INFORMACIÓN GENERAL
campo de control de longitud fija 251017b2010 dr ||||| |||| 00| 0 spa d
020 ## - NÚMERO INTERNACIONAL ESTÁNDAR DEL LIBRO
Número Internacional Estándar del Libro 9789993468998
040 ## - FUENTE DE LA CATALOGACIÓN
Centro catalogador/agencia de origen BIBLIOTECA UNIBE
Lengua de catalogación spa
Centro/agencia transcriptor BIBLIOTECA UNIBE
041 ## - CÓDIGO DE LENGUA
Código de lengua del texto/banda sonora o título independiente spa
082 ## - NÚMERO DE LA CLASIFICACIÓN DECIMAL DEWEY
Número de edición 22
Número de clasificación RD 342.729303 P861m 2010
100 1# - ENTRADA PRINCIPAL--NOMBRE DE PERSONA
Nombre de persona Potentini Adames, Trajano Vidal,
Fechas asociadas al nombre 1968-
Término indicativo de función/relación autor
9 (RLIN) 195336
245 10 - MENCIÓN DE TÍTULO
Título Manual de derecho constitucional dominicano :
Resto del título guía doctrinal y conceptual de la Constitución reformada /
Mención de responsabilidad, etc. Trajano Vidal Potentini Adames
250 ## - MENCIÓN DE EDICIÓN
Mención de edición Primera edición
260 ## - PUBLICACIÓN, DISTRIBUCIÓN, ETC.
Lugar de publicación, distribución, etc. Santo Domingo :
Nombre del editor, distribuidor, etc. Librería Jurídica Virtual :
-- Ediciones Jurídicas Trajano Potentini,
Fecha de publicación, distribución, etc. 2010
300 ## - DESCRIPCIÓN FÍSICA
Extensión xlviii, 604 páginas
Dimensiones 23 cm
504 ## - NOTA DE BIBLIOGRAFÍA, ETC.
Nota de bibliografía, etc. Incluye referencias bibliográficas (páginas: 593-604) e índice
505 0# - NOTA DE CONTENIDO CON FORMATO
Nota de contenido con formato PRIMERA PARTE. CONCEPTOS BÁSICOS DEL DERECHO Y TEORÍA GENERAL DEL ESTADO |<br/>Capítulo I. El derecho como orden normativo |<br/>Capítulo II. Teoría general del Estado |<br/>Capítulo III. Reconocimiento y funciones del Estado |<br/>Capítulo IV. Formas de Estado y de gobierno |<br/>SEGUNDA PARTE. LA DEMOCRACIA Y LOS MECANISMOS DE PARTICIPACIÓN POPULAR |<br/>Capítulo V. La democracia como sistema político |<br/>Capítulo VI. Mecanismos de participación popular: referendo, plebiscito e iniciativa legislativa popular |<br/>TERCERA PARTE. INTRODUCCIÓN AL ESTUDIO DE LA TEORÍA CONSTITUCIONAL |<br/>Capítulo VII. Constitucionalismo y derecho constitucional |<br/>Capítulo VIII. La Constitución y el poder constituyente |<br/>Capítulo IX. El constitucionalismo dominicano |<br/>Capítulo X. La reforma constitucional |<br/>CUARTA PARTE. RASGOS MÁS RELEVANTES DE LA CONSTITUCIÓN REFORMADA |<br/>Capítulo XI. Los principios y valores constitucionales |<br/>Capítulo XII. El Estado social y democrático de derecho en la Constitución reformada |<br/>Capítulo XIII. Los derechos fundamentales y las libertades públicas en la Constitución reformada |<br/>Capítulo XIV. Sistema de protección y garantías constitucionales de los derechos fundamentales |<br/>QUINTA PARTE. DERECHO PROCESAL CONSTITUCIONAL, JUSTICIA CONSTITUCIONAL Y CONTROL DE LA CONSTITUCIONALIDAD |<br/>Capítulo XV. Derecho procesal constitucional y justicia constitucional |<br/>Capítulo XVI. Sistema de control de la constitucionalidad de las leyes en la Constitución reformada |<br/>Capítulo XVII. Proceso de formación de las leyes y otras disposiciones normativas |<br/>SEXTA PARTE. AVANCES, NOVEDADES, RETOS Y DESAFÍOS EN LA CONSTITUCIÓN REFORMADA |<br/>Capítulo XVIII. Avances y novedades contenidos en la Constitución reformada |<br/>Capítulo XIX. Retos, desafíos y posibles escollos en la Constitución reformada |<br/>PARTE FINAL. ACONTECIMIENTOS HISTÓRICOS QUE INFLUYERÓN EN EL CONSTITUCIONALISMO Y ANEXOS |<br/>Capítulo único. Revoluciones inglesa, francesa y guerras de independencia de las naciones estadounidense y dominicana |<br/>Anexo I. Breve glosario comprensivo concordado en materia constitucional |<br/>Anexo II. Gobiernos dominicanos |<br/>Bibliografía consultada<br/><br/> <br/>
650 #7 - PUNTO DE ACCESO ADICIONAL DE MATERIA--TÉRMINO DE MATERIA
Fuente del encabezamiento o término lemb
Término de materia o nombre geográfico como elemento de entrada Reformas constitucionales
Subdivisión geográfica República Dominicana
9 (RLIN) 30189
650 #7 - PUNTO DE ACCESO ADICIONAL DE MATERIA--TÉRMINO DE MATERIA
Fuente del encabezamiento o término lemb
Término de materia o nombre geográfico como elemento de entrada Control de constitucionalidad
Subdivisión geográfica República Dominicana
9 (RLIN) 5532
651 #7 - PUNTO DE ACCESO ADICIONAL DE MATERIA--NOMBRE GEOGRÁFICO
Fuente del encabezamiento o término lemb
Nombre geográfico República Dominicana
Subdivisión general Derecho constitucional
Subdivisión de forma Guías
9 (RLIN) 200066
651 #7 - PUNTO DE ACCESO ADICIONAL DE MATERIA--NOMBRE GEOGRÁFICO
Fuente del encabezamiento o término lemb
Nombre geográfico República Dominicana
Subdivisión general Historia constitucional
9 (RLIN) 194322
655 ## - TÉRMINO DE INDIZACIÓN--GÉNERO/FORMA
Subdivisión de forma Manuales
9 (RLIN) 194534
700 1# - PUNTO DE ACCESO ADICIONAL--NOMBRE DE PERSONA
Nombre de persona Cuesta, Modesto
Término indicativo de función/relación corrector de estilo
9 (RLIN) 47909
700 1# - PUNTO DE ACCESO ADICIONAL--NOMBRE DE PERSONA
Nombre de persona Pérez, José Miguel
Término indicativo de función/relación diagramador
9 (RLIN) 155727
710 2# - PUNTO DE ACCESO ADICIONAL--NOMBRE DE ENTIDAD CORPORATIVA
Nombre de entidad corporativa o nombre de jurisdicción como elemento de entrada Ediciones Jurídicas Trajano Potentini
Término indicativo de función/relación dirección y coordinación editorial
9 (RLIN) 181019
942 ## - ELEMENTOS DE PUNTO DE ACCESO ADICIONAL (KOHA)
Fuente del sistema de clasificación o colocación Sistema de Clasificación Decimal Dewey
Tipo de ítem Koha Libro (general)
Existencias
Estado de retiro Estado de pérdida Fuente del sistema de clasificación o colocación No para préstamo Código de colección Localización permanente Fecha de adquisición Total de préstamos Signatura topográfica completa Código de barras Fecha visto por última vez Número de copia Precio válido a partir de Tipo de ítem Koha
  Disponible Sistema de Clasificación Decimal Dewey   General - Libros dominicanos Biblioteca Central UNIBE 15/08/2025   RD 342.729303 P861m_2010 251074 17/10/2025 Ej. 1 17/10/2025 Libro (general)